000 00556nam a2200205Ia 4500
005 20250508164413.0
008 008 250505s9999 xx 000 0 hin d
037 _aTextual
040 _aFEDL
_beng
_cFEDL
041 _ahin
_2eng
084 _a891.432, SHA
_qFEDL
100 _aShankar Shesh
_9778044
245 0 _aEk aur Dronacharya
260 _aDelhi, India
_bPrameshwarai Prakashan
_c2007
300 _a75p
365 _aINR
_b70
650 _aDrama - Hindi
_9778045
942 _cTEXL
_h891.432, SHA
999 _c1388959
_d1388959